Datum a čas kvízu

16.5 Celkem bodů Celkový počet nahraných bodů na tomto kvízu bez doplňovacích otázek.
6. Pořadí na kvízu Konečné umístění týmu na tomto kvízu.

Zaznamenané odpovědi

# Otázka Odpověď Body Výsledky
1. V úterý poprvé vystoupil prez... Rudé právo 1
2. Státy EU a zástupci Evropského... D 1
3. Která slovenská kapela minulý... Elán 1
4. Na veletrhu MWC 2026 v Barcelo... D) „mobil“ pro domácí mazlíčky 0
5. Americká běžkyně Jessica McCla... C 0
6. Vítězné téma facebookového hla... 1D 2A 3C 4B 0
7. Která ženská postava běží na k... Bridget Jones 0
8. „Celou dobu mi do nosu tekla v... Tobey Maguire 0
9. Tento filmový polibek byl insp... v Helsinkách 0
10. Jak se jmenují filmové postavy... Lady a Tramp 0